L'art du brodeur / (Registro nro. 182938)
[ vista simple ]
| 000 -LEADER | |
|---|---|
| campo de control de longitud fija | 00889nam a2200217 i 4500 |
| 001 - NÚMERO DE CONTROL | |
| campo de control | 182938 |
| 003 - IDENTIFICADOR DE NÚMERO DE CONTROL | |
| campo de control | ES-MaACL |
| 005 - FECHA Y HORA DE LA ÚLTIMA TRANSACCIÓN | |
| campo de control | 20251207063033.0 |
| 008 - DATOS DE LONGITUD FIJA--INFORMACIÓN GENERAL | |
| campo de control de longitud fija | 131217s1770 fr f |||| | fre d |
| 100 1# - ENTRADA PRINCIPAL--NOMBRE DE PERSONA | |
| Nombre de persona | Saint-Aubin, Charles-Germain de, |
| Fechas asociadas al nombre | 1721-1786 |
| 9 (RLIN) | 154025 |
| 245 12 - MENCIÓN DEL TÍTULO | |
| Título | L'art du brodeur / |
| Mención de responsabilidad, etc. | par M. de Saint-Aubin. |
| 260 ## - PUBLICACIÓN, DISTRIBUCIÓN, ETC. | |
| Lugar de publicación, distribución, etc. | [Paris] : |
| Nombre del editor, distribuidor, etc. | Imprimerie de L. F. Delatour, |
| Fecha de publicación, distribución, etc. | 1770. |
| 300 ## - DESCRIPCIÓN FÍSICA | |
| Extensión | 50 p., 10 lám. ; |
| Dimensiones | Fol. (44 cm) |
| 490 1# - MENCIÓN DE SERIE | |
| Mención de serie | Descriptions des arts et métiers faites ou approuvées par Messieurs de l'Académie Royale des Sciences |
| 530 ## - NOTA DISPONIBLE DE FORMULARIO FÍSICO ADICIONAL | |
| Nota de formato físico adicional disponible | Disponible en formato digital. |
| 650 #4 - PUNTO DE ACCESO ADICIONAL DE MATERIA--TÉRMINO DE MATERIA | |
| Término de materia o nombre geográfico como elemento de entrada | Bordado- |
| Subdivisión de forma | Obras anteriores a 1800. |
| 9 (RLIN) | 154026 |
| 830 00 - PUNTO DE ACCESO ADICIONAL DE SERIE-TÍTULO UNIFORME | |
| Título uniforme | Descriptions des arts et métiers |
| 9 (RLIN) | 241750 |
| 852 ## - LOCALIZACIÓN | |
| Ubicación | ES-MaACL |
| Número de control de estantería | R-63(2) |
| Encuadernación | Olim: C-10827-70 |
| 856 ## - LOCALIZACIÓN Y ACCESO ELECTRÓNICOS | |
| Identificador Uniforme de Recursos | <a href="http://gallica.bnf.fr/ark:/12148/bpt6k1065586m?rk=21459;2 ">http://gallica.bnf.fr/ark:/12148/bpt6k1065586m?rk=21459;2 </a> |
| Nota pública | BNF-Gallica |
| Estatus retirado | Estado de pérdida | Estado de daño | No para préstamo | Colección | Biblioteca de origen | Biblioteca actual | Ubicación en estantería | Fecha de adquisición | Fuente de adquisición | Total de préstamos | Signatura topográfica completa | Código de barras | Visto por última vez | Precio de reemplazo | Tipo de ítem Koha |
|---|---|---|---|---|---|---|---|---|---|---|---|---|---|---|---|
| Colección digital | Biblioteca del Ateneo de Madrid | Biblioteca del Ateneo de Madrid | Depósito | 17/12/2013 | R-63(2) | 1192267 | 23/02/2023 | 23/02/2023 | Libro impreso antiguo |
